| 000 | 01045nam a22003257a 4500 | ||
|---|---|---|---|
| 003 | CHAP | ||
| 005 | 20220817042242.0 | ||
| 008 | 971013s1987 r 00010 d | ||
| 010 | _a38762 | ||
| 011 | _a39734 | ||
| 035 | _a43859 | ||
| 040 | _cCHAP | ||
| 082 |
_a080 _bC5 v.31 |
||
| 100 | 0 | 0 |
_aPeña, Luis de la. _986863 |
| 245 |
_aAlbert Einstein _b: navegante solitario |
||
| 260 |
_aMéxico : _bFondo de Cultura Económica, _c1987 |
||
| 300 |
_a119 p. _b: ilus. |
||
| 490 |
_aLa ciencia desde México _v; 31 |
||
| 590 |
_aBATCH-UPD _b10 _c20130110 _lUCH01 _h1001 |
||
| 590 |
_aBATCH-UPD _b10 _c20130410 _lUCH01 _h0612 |
||
| 590 |
_aBATCH-UPD _b10 _c20130914 _lUCH01 _h1252 |
||
| 590 |
_aCONVERSION _b10 _c20130109 _lUCH01 _h1322 |
||
| 600 | 0 | 4 | _aEinstein, Albert. |
| 650 | 1 | 4 |
_aFísicos _xBiografía. _942003 |
| 710 | 0 | _aMéxico. Dirección General de Planeación Educativa. | |
| 830 | 0 |
_aLa ciencia desde México _v; 31 _964199 |
|
| 901 | _aBK | ||
| 942 | _cLIBRO | ||
| 949 |
_a080 C5 v.31 _bBC _cC _d33724000941555 _eC _h72909 _i43859 _mDirecto _si |
||
| 999 |
_c38762 _d38762 |
||